000
00215nam a2200073Ia 4500
008
170524s9999 xx 000 0 und d
100
_a
BALAKRISHNAN- NAGRAJ
245
0
_a
MANAGERIAL DECISION MODELING WITH SPREADSHEETS
260
_b
NEW DELHI : PEARSON
999
_c
8443
_d
8443